Maandiko Matakatifu ya Mungu Yaitwayo Biblia : Yaani Agano la Kale na Agano Jipya (Record no. 3440)

MARC details
005 - DATE AND TIME OF LATEST TRANSACTION
control field 20250607122335.0
020 ## - INTERNATIONAL STANDARD BOOK NUMBER
International Standard Book Number 9966 40505 4
082 ## - DEWEY DECIMAL CLASSIFICATION NUMBER
Classification number REF 220 ARC
100 ## - MAIN ENTRY--PERSONAL NAME
Author name Africa Regional Centre.
245 ## - TITLE STATEMENT
Title Maandiko Matakatifu ya Mungu Yaitwayo Biblia : Yaani Agano la Kale na Agano Jipya
260 ## - PUBLICATION, DISTRIBUTION, ETC.
Place of publication, distribution, etc. Dodoma,
Name of publisher, distributor, etc. Bible Society of Tanzania,
Date of publication, distribution, etc. 1993.
300 ## - PHYSICAL DESCRIPTION
Extent viii, 241p.: ill.;
Dimensions 23cm.
942 ## - ADDED ENTRY ELEMENTS (KOHA)
Source of classification or shelving scheme Dewey Decimal Classification
Koha item type Books
Holdings
Date last seen Total checkouts Full call number Barcode Cost, replacement price Price effective from Koha item type Lost status Source of classification or shelving scheme Damaged status Not for loan Withdrawn status Home library Current library Shelving location Date acquired Cost, normal purchase price
06/07/2025   REF 220 ARC 00000011580 30000.00 06/07/2025 Books   Dewey Decimal Classification       College of Business Education Main Library College of Business Education Main Library Special Reserve Collection 08/06/1996 10000.00